Jonás

Պահպանված է:
Մատենագիտական մանրամասներ
Հիմնական հեղինակ: Sevilla Jiménez, Cristóbal (Հեղինակ)
Ձևաչափ: Գիրք
Լեզու:իսպաներեն
Հրապարակվել է: Pamplona Asociación Bíblica Española 2002
Pamplona Verbo Divino 2002
Շարք:Reseña Bíblica, 33
Խորագրեր:
Ցուցիչներ: Ավելացրեք ցուցիչ
Չկան պիտակներ, Եղեք առաջինը, ով նշում է այս գրառումը!

MARC

LEADER 00000nam a2200000 a 4500
001 UCM2745
003 CL-VaPUC
008 020613e20020000SP |||||||||||||||||spa|d
082 0 4 |a 224.92  |b SEV  |2 21 
100 0 |a Sevilla Jiménez, Cristóbal  |e author  |9 469519 
245 1 0 |a Jonás 
300 |a 72 p 
942 |c BK 
945 |d 20020613 00:00:00  |a cmena 
260 |a Pamplona  |b Asociación Bíblica Española  |c 2002 
260 |a Pamplona  |b Verbo Divino  |c 2002 
600 0 7 |a JONAS  |2 CL-VaPUC  |9 397915 
650 0 |a Biblia  |9 257603 
650 0 |a Profecías  |9 266038 
650 7 |a LIBROS SAGRADOS  |2 CL-VaPUC  |9 469520 
583 |a last modification  |c 20130618 07:53:58  |k Rodrigo Vera 
490 0 |a Reseña Bíblica, 33 
999 |c 300466  |d 300464 
952 |0 0  |1 2  |4 0  |6 224_920000000000000_SEV_2002_2002  |7 0  |8 A  |9 358287  |a BIBTEO  |b BIBTEO  |d 2019-11-21  |i 3819728  |o 224.92 SEV 2002 2002  |p 3819728  |r 2019-11-21  |w 2019-11-21  |y BK  |k ICR